00466nam a22001337a 4500003000500000005001700005008004100022041001200063082001300075100002700088245012500115260006500240700002700305CUTN20211203144027.0211203b ||||| |||| 00| 0 eng d aEnglish a540bSUD aSudeep, Paul (R141505) aSynthesis and Studies on 1,3-imidazolium chloride based NHCs and its Role in Copper Catalysed C-O and C-N Bond Formation aThiruvarurbCentral University of Tamil NaducFebruary, 2021 aVittal, Babu Gudimetla